Les villes les plus peuplées de France - Statistiques

Statistiques générales
  • Ce quiz a été pris 67 fois
  • Le résultat moyen est 41 sur 100
Statistiques - réponses
Population
(2023)
Réponse % Correct
2 103 778 Paris
100%
886 040 Marseille
98%
519 127 Lyon
96%
514 819 Toulouse
95%
357 737 Nice
93%
230 890 Rennes
93%
238 246 Lille
91%
310 240 Montpellier
91%
293 771 Strasbourg
91%
267 991 Bordeaux
89%
327 734 Nantes
89%
142 346 Brest
80%
173 136 Saint-Étienne
75%
166 687 Le Havre
71%
121 616 Perpignan
71%
177 674 Reims
71%
156 140 Grenoble
70%
116 357 Orléans
68%
179 116 Toulon
68%
122 572 Metz
66%
117 662 Rouen
66%
161 830 Dijon
64%
103 671 Nancy
64%
149 077 | 155 634 Saint-Denis
64%
159 022 Angers
63%
146 351 Clermont-Ferrand
63%
151 839 Nîmes
63%
136 449 Amiens
61%
132 117 Annecy
61%
139 259 Tours
59%
109 400 Caen
57%
146 249 Le Mans
55%
92 188 Avignon
54%
79 851 La Rochelle
52%
149 695 Aix-en-Provence
50%
74 350 Cannes
48%
80 441 Pau
48%
98 286 Roubaix
48%
62 088 Troyes
48%
86 263 Dunkerque
46%
129 937 Limoges
46%
163 684 Villeurbanne
46%
64 458 Valence
45%
67 571 Calais
43%
59 964 Chambéry
43%
97 783 Nanterre
43%
66 970 Colmar
41%
64 385 Quimper
41%
98 772 Tourcoing
41%
84 095 Versailles
41%
104 978 Mulhouse
39%
76 320 Ajaccio
38%
118 489 Besançon
38%
106 130 Argenteuil
32%
81 545 Béziers
32%
64 186 Bourges
32%
88 365 Aubervilliers
30%
119 019 Boulogne-Billancourt
30%
93 397 Créteil
30%
111 934 Montreuil
30%
66 919 Évry-Courcouronnes
27%
59 538 Neuilly-sur-Seine
25%
62 945 Montauban
23%
59 854 Niort
21%
70 906 Cergy
20%
93 963 Vitry-sur-Seine
20%
75 506 Fort-de-France
18%
64 410 Clichy
16%
67 669 Issy-les-Moulineaux
16%
74 568 Saint-Nazaire
16%
62 868 Villeneuve-d'Ascq
16%
59 719 Fréjus
14%
85 038 Saint-Pierre
14%
59 173 Sarcelles
14%
77 637 Antibes
13%
78 258 Cherbourg-en-Cotentin
13%
63 732 La Seyne-sur-Mer
13%
71 437 (2017) Mamoudzou
13%
108 088 Saint-Paul
13%
62 675 Cayenne
11%
65 064 Ivry-sur-Seine
11%
82 579 Le Tampon
11%
68 092 Levallois-Perret
11%
78 090 Mérignac
11%
61 929 Pantin
11%
65 502 Vénissieux
11%
82 902 Courbevoie
9%
72 390 Drancy
9%
76 572 Saint-Maur-des-Fossés
9%
93 941 Asnières-sur-Seine
7%
87 599 Aulnay-sous-Bois
7%
78 072 Champigny-sur-Marne
7%
72 978 Noisy-le-Grand
7%
67 339 Pessac
7%
62 376 Le Blanc-Mesnil
5%
85 976 (2025) Nouméa
5%
82 874 Rueil-Malmaison
5%
64 263 Antony
4%
60 183 Villejuif
4%
Aucun quiz correspondant
Distribution des résultats
% des personnes avec chaque résultat
Percentile par nombre de réponses
Votre historique - résultats
Vous n’avez pas pris ce quiz